00852nam a2200205 u 450000100100000000500170001000800410002702000150006804000250008308200190010810000370012724500920016426000560025630000280031250000730034065000630041391000360047695201170051299900170062900002036320200929170402.0100813s1996 sp a 000 0 spa d a8460557588 aDO-SdBNPbspacBNPHU a320.946bA883b1 aAttard, Emiliod1915-199794302610aBosquejo histórico político de la España contemporánea /cEmilio Attard Alonso. aValencia :bColegio de Abogados de Valencia,c1996. a310 p. :bil. ;c24 cm. aIncluye referencias bibliográficos y notas al pie de las páginas 4aEspaña españaxPolítica y gobiernoyS. XIX-XX9430272 aColegio de Abogados de Valencia 001050718MOaGRbGRcCTd2017-05-10iLF1l0o320.946 A883bp20363-10r2020-06-25w2020-06-25y1ZNo se presta c19867d19867